RACE AND ETHNIC RELATIONS 98/99 (Record no. 16528)

MARC details
000 -LEADER
fixed length control field 00424nam a22001817a 4500
003 - CONTROL NUMBER IDENTIFIER
control field OSt
005 - DATE AND TIME OF LATEST TRANSACTION
control field 20211103151048.0
008 - FIXED-LENGTH DATA ELEMENTS--GENERAL INFORMATION
fixed length control field 211103b |||||||| |||| 00| 0 eng d
020 ## - INTERNATIONAL STANDARD BOOK NUMBER
International Standard Book Number 0697391949
040 ## - CATALOGING SOURCE
Transcribing agency HU
082 ## - DEWEY DECIMAL CLASSIFICATION NUMBER
Classification number 305.8/ANN
100 ## - MAIN ENTRY--PERSONAL NAME
Personal name JOHN A. KEROMKOWSKI
9 (RLIN) 16790
245 ## - TITLE STATEMENT
Title RACE AND ETHNIC RELATIONS 98/99
250 ## - EDITION STATEMENT
Edition statement 9TH
260 ## - PUBLICATION, DISTRIBUTION, ETC.
Place of publication, distribution, etc. AMERICA
Name of publisher, distributor, etc. HALL
Date of publication, distribution, etc. 1998
300 ## - PHYSICAL DESCRIPTION
Extent 261P
942 ## - ADDED ENTRY ELEMENTS (KOHA)
Source of classification or shelving scheme Dewey Decimal Classification
Koha item type Books like text book referance book
Suppress in OPAC No
Holdings
Withdrawn status Lost status Source of classification or shelving scheme Damaged status Not for loan Home library Current library Shelving location Date acquired Total Checkouts Full call number Barcode Date last seen Copy number Price effective from Koha item type
    Dewey Decimal Classification     Social Library Social Library General Stacks 11/03/2021   305.8/ANN SHLIB00002325 11/03/2021 2 11/03/2021 Books like text book referance book
    Dewey Decimal Classification     Social Library Social Library General Stacks 11/03/2021   305.807/ANN SHLIB00002326 11/03/2021 4 11/03/2021 Books like text book referance book
    Dewey Decimal Classification     Social Library Social Library General Stacks 11/03/2021   305.807/ANN SHLIB00002327 11/03/2021 5 11/03/2021 Books like text book referance book
    Dewey Decimal Classification     Social Library Social Library General Stacks 11/03/2021   305.807/ANN SHLIB00002328 11/03/2021 6 11/03/2021 Books like text book referance book
    Dewey Decimal Classification     Social Library Social Library General Stacks 11/03/2021   305.807/ANN SHLIB00002324 11/03/2021 6 11/03/2021 Books like text book referance book